000 01170nam a22002057a 4500
999 _c58596
_d58596
003 Ge_BSU
005 20220610130444.0
008 220610s2016 ge ||||| |||| 00| 0 geo d
020 _a9789941460265
041 _ageo
080 _a94(479.22)+ 821.353.1-94 ბ-25
100 _aბარამიძე, ნოდარ
_914041
245 _aჩემი გადასახედიდან /
_cნოდარ ბარამიძე ; რედაქტორი მიხეილ მახარაძე.
264 _aბათუმი :
_b”გამომცემლობა აჭარა”,
_c2016.
300 _a110 გვ. ;
_b17 სმ.
500 _aშესავლის მაგიერ ; გონიოს ისტორიისათვის ; ეპიზოდები ჩემი გვარის კაცების ცხოვრებიდან ; ავტოპორტრეტისათვის
653 _aსაქართველოს სოფლების ისტორია
700 _aმახარაძე, მიხეილ
_eრედაქტორი
_914042
942 _2udc
_cBK